| 000 | 00613nam a2200193 i 4500 | ||
|---|---|---|---|
| 001 | 87993 | ||
| 003 | ES-MaACL | ||
| 005 | 20230906175800.0 | ||
| 007 | t| | ||
| 008 | 041230s1956 sp ||||1| spa d | ||
| 100 | 1 |
_aLaffay, A. _969478 |
|
| 245 | 1 | 0 |
_aGlosta _b: segundo método moderno de inglés / _cA. Laffay, H. Kerst, Alvaro Zárate. |
| 260 |
_aMadrid : _bCultura Clásica y Moderna, _c1956 ( _fTip. Artística) |
||
| 300 |
_aXIX, 293 p. : _bil. ; _c19 cm. |
||
| 650 | 0 | 4 |
_aLengua inglesa- _vMétodos. _914282 |
| 700 | 1 |
_aKerst, H. _967942 |
|
| 700 | 1 |
_aZárate, Alvaro. _9118043 |
|
| 852 |
_aES-MaACL _jP-792 |
||
| 999 |
_c87993 _d87993 |
||